[Event "DBMM 2015 (XV.)"]
[Site "München"]
[Date "2015.10.23"]
[Round "3.4"]
[White "Büscher, Henrik Dr."]
[Black "Jermann, Frank Dr."]
[Result "1/2-1/2"]
[WhiteElo "2112"]
[BlackElo "2140"]
[PlyCount "31"]
[EventDate "2015.10.22"]
[EventType "swiss"]
[EventRounds "7"]
[EventCountry "GER"]
[WhiteTeam "Allianz Global Investors Ffm 1"]
[BlackTeam "SV Osram Augsburg 1"]

1. d4 d5 2. e3 Nf6 3. f4 Bf5 4. Nf3 g6 5. c3 Bg7 6. Ne5 O-O 7. Be2 Nbd7 8. O-O
c5 9. Nd2 cxd4 10. exd4 Ne4 11. Bf3 Nxd2 12. Qxd2 Be6 13. Nd3 f6 14. Re1 Bf7
15. Qe2 Re8 16. g3 1/2-1/2

[Event "DBMM 2015 (XV.)"]
[Site "München"]
[Date "2015.10.23"]
[Round "3.1"]
[White "IM Telljohann, Sven"]
[Black "FM Hoffmann, Hendrik"]
[Result "1-0"]
[WhiteElo "2404"]
[BlackElo "2198"]
[PlyCount "65"]
[EventDate "2015.10.22"]
[EventRounds "7"]
[EventCountry "GER"]
[WhiteTeam "DekaBank DGZ 1"]
[BlackTeam "le-tex Publishing Service"]

1. Nf3 Nf6 2. g3 d5 3. Bg2 c5 4. O-O Nc6 5. c4 e6 6. b3 Be7 7. Bb2 O-O 8. e3 d4
9. exd4 cxd4 10. Re1 Ne8 11. Na3 f6 12. Nc2 e5 13. d3 Nc7 14. Qe2 a5 15. Nfxd4
Nb4 16. a3 Nba6 17. Nb5 Nxb5 18. cxb5 Nc5 19. d4 Nd7 20. Rad1 Qc7 21. Ne3 Nb6
22. Nd5 Nxd5 23. Bxd5+ Kh8 24. dxe5 Bf5 25. Qc4 Rac8 26. exf6 Bxf6 27. Bxf6
gxf6 28. Qxc7 Rxc7 29. Kg2 b6 30. Be6 Rc5 31. Bxf5 Rxf5 32. a4 Rc8 33. Re7 1-0

[Event "DBMM 2015 (XV.)"]
[Site "München"]
[Date "2015.10.23"]
[Round "3.2"]
[White "Heinrich, Thomas"]
[Black "Fulea, Dan Dr"]
[Result "0-1"]
[WhiteElo "2215"]
[BlackElo "2193"]
[PlyCount "72"]
[EventDate "2015.10.22"]
[EventRounds "7"]
[EventCountry "GER"]
[WhiteTeam "le-tex Publishing Service"]
[BlackTeam "DekaBank DGZ 1"]

1. d4 Nf6 2. Nf3 c5 3. c3 e6 4. e3 Be7 5. Bd3 d5 6. O-O O-O 7. Nbd2 Nbd7 8. Ne5
Qc7 9. f4 b6 10. Qf3 Bb7 11. g4 g6 12. g5 Nxe5 13. fxe5 Nh5 14. Qg4 Qd8 15. h4
a6 16. Rf3 b5 17. Nf1 b4 18. Bd2 a5 19. Nh2 Ba6 20. Bxa6 Rxa6 21. Qg2 Ng7 22.
Ng4 Nf5 23. Rh3 h5 24. Nf6+ Bxf6 25. gxf6 Qb6 26. Rf1 Rb8 27. Qg5 Kf8 28. Rxf5
exf5 29. Qh6+ Ke8 30. Qg7 Kd7 31. Qxf7+ Kc6 32. Qe6+ Kb7 33. Qxd5+ Qc6 34.
Qxc6+ Kxc6 35. Rg3 Kd5 36. Kf2 Rg8 0-1

[Event "DBMM 2015 (XV.)"]
[Site "München"]
[Date "2015.10.23"]
[Round "3.4"]
[White "Schreiter, Thomas"]
[Black "Ortinau, Peter"]
[Result "1/2-1/2"]
[WhiteElo "2043"]
[BlackElo "2070"]
[PlyCount "74"]
[EventDate "2015.10.22"]
[EventRounds "7"]
[EventCountry "GER"]
[WhiteTeam "le-tex Publishing Service"]
[BlackTeam "DekaBank DGZ 1"]

1. d4 d5 2. c4 c6 3. Nf3 e6 4. Nc3 dxc4 5. a4 Bb4 6. Qc2 b5 7. Bd2 Bb7 8. axb5
Bxc3 9. Bxc3 cxb5 10. d5 Nf6 11. dxe6 fxe6 12. Rd1 Qe7 13. Be5 Bd5 14. Nd2 Nbd7
15. Bg3 Qb4 16. f3 O-O 17. e4 Bb7 18. Be2 Nh5 19. Bf2 Nf4 20. Bf1 Ne5 21. Bd4
Ned3+ 22. Bxd3 cxd3 23. Qc3 Nxg2+ 24. Kf2 Qxc3 25. bxc3 Nh4 26. Rhg1 Rf7 27.
Rg3 Ng6 28. Ke3 e5 29. Bc5 Nf4 30. Bd6 Re8 31. Nb3 Ne2 32. Rg5 Nxc3 33. Ra1 a6
34. Rxe5 Rxe5 35. Bxe5 Na4 36. f4 Nb6 37. Kxd3 Nc4 1/2-1/2

[Event "DBMM 2015 (XV.)"]
[Site "München"]
[Date "2015.10.23"]
[Round "3.1"]
[White "Gottschalk, Jens"]
[Black "IM Seger, Rüdiger"]
[Result "1-0"]
[WhiteElo "2269"]
[BlackElo "2364"]
[PlyCount "59"]
[EventDate "2015.10.22"]
[EventType "swiss"]
[EventRounds "7"]
[EventCountry "GER"]
[WhiteTeam "R+V Versicherungen Wiesbaden 1"]
[BlackTeam "Deutsche Post Bonn 1"]

1. d4 Nf6 2. c4 g6 3. Nc3 d5 4. cxd5 Nxd5 5. e4 Nxc3 6. bxc3 Bg7 7. Bc4 c5 8.
Ne2 Nc6 9. Be3 cxd4 10. cxd4 Qa5+ 11. Qd2 O-O 12. Qxa5 Nxa5 13. Bd3 Be6 14. Rc1
Bxa2 15. d5 e6 16. Nf4 exd5 17. Nxd5 Bxd5 18. exd5 Rad8 19. Be4 Rfe8 20. Bf3
Bd4 21. Ke2 b5 22. Kd3 Bxe3 23. fxe3 Nc4 24. e4 a6 25. Kd4 f6 26. Ra1 Rd6 27.
Rhe1 h5 28. Red1 Kf7 29. Be2 Ne5 30. Rdc1 1-0

[Event "DBMM 2015 (XV.)"]
[Site "München"]
[Date "2015.10.23"]
[Round "3.2"]
[White "Gikas, Andreas Basilius"]
[Black "Seidler, Lukas"]
[Result "1-0"]
[WhiteElo "2208"]
[BlackElo "2211"]
[PlyCount "77"]
[EventDate "2015.10.22"]
[EventType "swiss"]
[EventRounds "7"]
[EventCountry "GER"]
[WhiteTeam "Deutsche Post Bonn 1"]
[BlackTeam "R+V Versicherungen Wiesbaden 1"]

1. e4 c5 2. Nf3 d6 3. d4 cxd4 4. Nxd4 Nf6 5. Nc3 a6 6. Bg5 e6 7. Qf3 Be7 8.
O-O-O Qc7 9. Qg3 Nbd7 10. f4 b5 11. Bxf6 Bxf6 12. Bxb5 axb5 13. Ndxb5 Qc5 14.
Nxd6+ Kf8 15. e5 Be7 16. Rd3 Ba6 17. Nde4 Qc7 18. Rd4 Rb8 19. Rhd1 Nb6 20. Nd6
Nc4 21. b3 Nb6 22. Kb2 g6 23. Qf3 h5 24. g3 Bb7 25. Qe2 Bd5 26. h3 Kg7 27. f5
gxf5 28. Nxf5+ exf5 29. Nxd5 Nxd5 30. Rxd5 Ba3+ 31. Kxa3 Qc3 32. Rd6 Rhc8 33.
Ra6 Rc5 34. Rd3 Qa1 35. Qd2 Qxe5 36. Qg5+ Kf8 37. Rd8+ Rxd8 38. Qxd8+ Qe8 39.
Qd6+ 1-0

[Event "DBMM 2015 (XV.)"]
[Site "München"]
[Date "2015.10.23"]
[Round "3.3"]
[White "Werner, Gregor"]
[Black "Lunnebach, Oliver"]
[Result "0-1"]
[WhiteElo "2125"]
[BlackElo "2120"]
[PlyCount "78"]
[EventDate "2015.10.22"]
[EventType "swiss"]
[EventRounds "7"]
[EventCountry "GER"]
[WhiteTeam "R+V Versicherungen Wiesbaden 1"]
[BlackTeam "Deutsche Post Bonn 1"]

1. d4 d5 2. Nf3 Nf6 3. e3 c5 4. dxc5 Bg4 5. c4 Bxf3 6. Qxf3 e6 7. Nc3 Bxc5 8.
cxd5 exd5 9. Be2 Nc6 10. O-O O-O 11. Rd1 d4 12. Nb5 Qb6 13. exd4 Nxd4 14. Nxd4
Bxd4 15. Bg5 Rfd8 16. Bd3 h6 17. Bh4 Qxb2 18. Rab1 Qxa2 19. Rxb7 Qd5 20. Qxd5
Rxd5 21. Bxf6 gxf6 22. Be2 Rad8 23. Kf1 a5 24. Rc1 R5d7 25. Rcc7 Rxc7 26. Rxc7
Rf8 27. Bc4 Kg7 28. g4 Bb2 29. Ra7 Bc3 30. Kg2 f5 31. gxf5 Kf6 32. f4 Kxf5 33.
Kf3 f6 34. Rc7 Ra8 35. Bf1 Bd2 36. Bh3+ Kg6 37. Bd7 Kh5 38. Bg4+ Kh4 39. Rc4 h5
0-1

[Event "DBMM 2015 (XV.)"]
[Site "München"]
[Date "2015.10.23"]
[Round "3.4"]
[White "Dehmel, Jens"]
[Black "Launert, Martin Dr."]
[Result "1-0"]
[WhiteElo "2105"]
[BlackElo "1858"]
[PlyCount "89"]
[EventDate "2015.10.22"]
[EventType "swiss"]
[EventRounds "7"]
[EventCountry "GER"]
[WhiteTeam "Deutsche Post Bonn 1"]
[BlackTeam "R+V Versicherungen Wiesbaden 1"]

1. d4 d5 2. c4 dxc4 3. e4 e5 4. Nf3 exd4 5. Bxc4 Bb4+ 6. Nbd2 Bxd2+ 7. Bxd2 Ne7
8. Bg5 c5 9. O-O O-O 10. Re1 Nbc6 11. a3 h6 12. Bh4 Be6 13. Bxe6 fxe6 14. Qb3
Qc8 15. Rac1 b6 16. Bxe7 Nxe7 17. Nxd4 Rf6 18. Nb5 Kh8 19. Qd3 e5 20. Red1 Qf8
21. f3 Ng6 22. Qe3 Nf4 23. Rd7 Rg6 24. g3 Rd8 25. Rcd1 Rxd7 26. Rxd7 Qe8 27.
Qd2 Kh7 28. Nc7 Nh3+ 29. Kg2 Nf4+ 30. Kf1 Qg8 31. gxf4 Qc4+ 32. Rd3 Rd6 33. Nd5
exf4 34. Nxf4 Rf6 35. Ke2 g5 36. Nd5 Rf7 37. Ne3 Qa6 38. Kf2 Qb7 39. Nf5 Qc7
40. Rd6 c4 41. Rxh6+ Kg8 42. Qd6 Qxd6 43. Rxd6 Kh7 44. Rh6+ Kg8 45. Rg6+ 1-0

[Event "DBMM 2015 (XV.)"]
[Site "München"]
[Date "2015.10.23"]
[Round "3.1"]
[White "Lotzien, Hans"]
[Black "FM Gempe, Thomas"]
[Result "1/2-1/2"]
[WhiteElo "2153"]
[BlackElo "2210"]
[PlyCount "27"]
[EventDate "2015.10.22"]
[EventType "swiss"]
[EventRounds "7"]
[EventCountry "GER"]
[WhiteTeam "BM Ernährung Landwirtschaft Bonn"]
[BlackTeam "ADAC München 1"]

1. e4 c5 2. Nc3 a6 3. a4 e6 4. g3 b6 5. Bg2 Bb7 6. Nge2 d6 7. O-O Nf6 8. d4
cxd4 9. Nxd4 Nbd7 10. Nb3 Qc7 11. Qe2 Be7 12. Bf4 O-O 13. Rfe1 Rac8 14. Rad1
1/2-1/2

[Event "DBMM 2015 (XV.)"]
[Site "München"]
[Date "2015.10.23"]
[Round "3.3"]
[White "Bröhl, Stephan"]
[Black "Budai, Zoltan"]
[Result "1-0"]
[WhiteElo "2122"]
[BlackElo "2014"]
[PlyCount "95"]
[EventDate "2015.10.22"]
[EventType "team-swiss"]
[EventRounds "7"]
[EventCountry "GER"]
[WhiteTeam "BM Ernährung Landwirtschaft Bonn"]
[BlackTeam "ADAC München 1"]

1. e4 c5 2. Nc3 Nc6 3. Bb5 Nd4 4. Bc4 e6 5. Nge2 Ne7 6. O-O a6 7. d3 b5 8. Bb3
Nec6 9. f4 g6 10. Nxd4 Nxd4 11. f5 Nxb3 12. axb3 b4 13. fxe6 dxe6 14. Qf3 Ra7
15. Na4 f5 16. Be3 Qc7 17. Qf2 Bd6 18. Bxc5 Bxh2+ 19. Kh1 Bg3 20. Qe2 Qd8 21.
Rf3 Qh4+ 22. Kg1 Qh2+ 23. Kf1 Qh1+ 24. Bg1 f4 25. Qd2 e5 26. Qxb4 Rb7 27. Qc5
Bh3 28. Qxe5+ Kf7 29. Rxg3 fxg3 30. Qxg3 Be6 31. Nc5 Re7 32. Rxa6 Rf8 33. Qh2
Qxh2 34. Bxh2 Bc8 35. Rc6 Kg8+ 36. Kg1 Ref7 37. Bg3 Bg4 38. Ne6 Bxe6 39. Rxe6
Rf1+ 40. Kh2 Rc1 41. Rc6 Rff1 42. Kh3 g5 43. e5 Kf7 44. Kg4 h6 45. c4 Rc2 46.
Rxh6 Rxg2 47. Rh2 Kg6 48. Rxg2 1-0

[Event "DBMM 2015 (XV.)"]
[Site "München"]
[Date "2015.10.23"]
[Round "3.4"]
[White "WFM Gempe, Anet"]
[Black "Müller-Boge, Michael"]
[Result "1/2-1/2"]
[WhiteElo "2045"]
[BlackElo "1987"]
[PlyCount "73"]
[EventDate "2015.10.22"]
[EventType "swiss"]
[EventRounds "7"]
[EventCountry "GER"]
[WhiteTeam "ADAC München 1"]
[BlackTeam "BM Ernährung Landwirtschaft Bonn"]

1. e4 c5 2. Nf3 d6 3. d4 cxd4 4. Nxd4 Nf6 5. Nc3 a6 6. Be2 e6 7. O-O Be7 8. Be3
b5 9. a3 Bb7 10. f3 Qc7 11. Qe1 d5 12. exd5 Nxd5 13. Nxd5 Bxd5 14. c3 Nd7 15.
Qf2 O-O 16. Rfd1 Nf6 17. Bd3 Rac8 18. Rac1 g6 19. Kh1 e5 20. Ne2 Rfe8 21. Ng3
Qc6 22. Bc2 h5 23. Re1 Nh7 24. Be4 h4 25. Nf1 Bxe4 26. fxe4 Qxe4 27. Bd4 Qf4
28. Qxf4 exf4 29. Re4 Nf8 30. Rce1 Ne6 31. Nd2 Red8 32. Nf3 Rd5 33. Be5 g5 34.
h3 Nc5 35. Rd4 Rxd4 36. Bxd4 Ne6 37. Be5 1/2-1/2

[Event "DBMM 2015 (XV.)"]
[Site "München"]
[Date "2015.10.23"]
[Round "3.1"]
[White "Segerberg, Tomas"]
[Black "WGM Belic, Jordanka"]
[Result "1/2-1/2"]
[WhiteElo "2069"]
[BlackElo "2248"]
[PlyCount "79"]
[EventDate "2015.10.22"]
[EventRounds "7"]
[EventCountry "GER"]
[WhiteTeam "Europäisches Patentamt Mü. 2"]
[BlackTeam "imp GmbH Halle/Saale 1"]

1. c4 c5 2. Nf3 Nc6 3. d4 cxd4 4. Nxd4 g6 5. e4 Nf6 6. Nc3 Nxd4 7. Qxd4 d6 8.
Be3 Bg7 9. Qd2 O-O 10. Be2 Be6 11. Rc1 Qa5 12. O-O Rfc8 13. b3 a6 14. f3 b5 15.
Nd5 Qxd2 16. Bxd2 Nxd5 17. cxd5 Bd4+ 18. Kh1 Bd7 19. Rxc8+ Rxc8 20. Rc1 Rxc1+
21. Bxc1 a5 22. g3 b4 23. Kg2 a4 24. bxa4 Bxa4 25. Bc4 Bd1 26. Bb3 Be2 27. a3
bxa3 28. Bxa3 Bd3 29. Bc1 f5 30. exf5 Bxf5 31. g4 Bc8 32. Kg3 Kf7 33. h4 Bc3
34. Bg5 Be1+ 35. Kg2 Ba6 36. Bc2 Bc4 37. Be4 h6 38. Bxh6 Bxh4 39. Be3 Be1 40.
f4 1/2-1/2

[Event "DBMM 2015 (XV.)"]
[Site "München"]
[Date "2015.10.23"]
[Round "3.3"]
[White "Rabenstein, Winfried"]
[Black "Kleint, Gert"]
[Result "1-0"]
[WhiteElo "2036"]
[BlackElo "1757"]
[PlyCount "69"]
[EventDate "2015.10.22"]
[EventRounds "7"]
[EventCountry "GER"]
[WhiteTeam "Europäisches Patentamt Mü. 2"]
[BlackTeam "imp GmbH Halle/Saale 1"]

1. c4 Nf6 2. Nc3 c6 3. Nf3 d5 4. e3 Bg4 5. Qb3 Qb6 6. Ne5 Nbd7 7. Nxg4 Nxg4 8.
cxd5 Qxb3 9. axb3 g6 10. Be2 Ngf6 11. dxc6 bxc6 12. d4 Nb6 13. e4 Bg7 14. Be3
O-O 15. O-O Nfd7 16. Rfd1 e6 17. Ra6 Rfb8 18. Rda1 Nc8 19. Bd1 Rb4 20. R6a4
Rxa4 21. Rxa4 Ndb6 22. Ra5 Bf8 23. Kf1 Kg7 24. Ra6 Bd6 25. Ke1 f5 26. e5 Bb4
27. Bf3 Ne7 28. Bg5 Ned5 29. Bd2 Kf7 30. Na4 Bxd2+ 31. Kxd2 Nxa4 32. Bxd5 cxd5
33. bxa4 Ke7 34. b4 g5 35. b5 1-0

[Event "DBMM 2015 (XV.)"]
[Site "München"]
[Date "2015.10.23"]
[Round "3.4"]
[White "Binnewies, Markus"]
[Black "Jachs, Walter"]
[Result "1/2-1/2"]
[WhiteElo "1605"]
[BlackElo "2003"]
[PlyCount "101"]
[EventDate "2015.10.22"]
[EventRounds "7"]
[EventCountry "GER"]
[WhiteTeam "imp GmbH Halle/Saale 1"]
[BlackTeam "Europäisches Patentamt Mü. 2"]

1. e4 d6 2. c3 Nf6 3. Qc2 c5 4. Nf3 g6 5. Bb5+ Nbd7 6. e5 dxe5 7. Nxe5 Qc7 8.
Nxd7 Bxd7 9. Bxd7+ Qxd7 10. O-O Bg7 11. d4 cxd4 12. Rd1 Rc8 13. Qe2 Nd5 14.
cxd4 O-O 15. Be3 Rc6 16. Na3 Rfc8 17. Qd2 a6 18. Rac1 b5 19. b3 e6 20. Rc5 Bf8
21. Rxc6 Qxc6 22. Rc1 Qxc1+ 23. Qxc1 Rxc1+ 24. Bxc1 Nc3 25. Bd2 Ne2+ 26. Kf1
Nxd4 27. Nb1 f5 28. Bc3 Bg7 29. Bxd4 Bxd4 30. Ke2 e5 31. f3 Kf7 32. Kd3 Ke6 33.
Na3 Kd5 34. Nc2 e4+ 35. fxe4+ fxe4+ 36. Ke2 a5 37. Kd2 Bc5 38. Ke2 Bg1 39. h3
Bc5 40. Kd2 Ke5 41. g3 Bf2 42. Na3 Bxg3 43. Nxb5 Kf4 44. Ke2 Bh4 45. Nd6 Be7
46. Nc4 Bd8 47. a3 h5 48. b4 axb4 49. axb4 Kg3 50. Ne5 g5 51. Nf7 1/2-1/2

[Event "DBMM 2015 (XV.)"]
[Site "München"]
[Date "2015.10.23"]
[Round "3.1"]
[White "Choinowski, Gustav"]
[Black "FM Gohil, Harry"]
[Result "1/2-1/2"]
[WhiteElo "2064"]
[BlackElo "2282"]
[PlyCount "61"]
[EventDate "2015.10.22"]
[EventType "swiss"]
[EventRounds "7"]
[EventCountry "GER"]
[WhiteTeam "SV Rapid Unilever Hamburg"]
[BlackTeam "Commerzbank Frankfurt 1"]

1. d4 Nf6 2. c4 g6 3. Nc3 Bg7 4. e4 O-O 5. Nf3 d6 6. Be2 Nbd7 7. O-O e5 8. dxe5
dxe5 9. Bg5 h6 10. Bh4 c6 11. b4 Qc7 12. Qb3 a5 13. a3 Nh5 14. Rfd1 Bf6 15.
Bxf6 Ndxf6 16. c5 Be6 17. Bc4 axb4 18. axb4 Bxc4 19. Qxc4 Rxa1 20. Rxa1 Rd8 21.
g3 Ng7 22. Rd1 Rxd1+ 23. Nxd1 Kf8 24. Ne3 Ne6 25. Qd3 Ng5 26. Nxg5 hxg5 27. Nc4
Ne8 28. h3 f6 29. Nb6 Ng7 30. Nc4 Ne8 31. Nb6 1/2-1/2

[Event "DBMM 2015 (XV.)"]
[Site "München"]
[Date "2015.10.23"]
[Round "3.2"]
[White "Fischer, Alexander Dr."]
[Black "Neander, Sven"]
[Result "1/2-1/2"]
[WhiteElo "2043"]
[BlackElo "2001"]
[PlyCount "57"]
[EventDate "2015.10.22"]
[EventType "swiss"]
[EventRounds "7"]
[EventCountry "GER"]
[WhiteTeam "Commerzbank Frankfurt 1"]
[BlackTeam "SV Rapid Unilever Hamburg"]

1. d4 e6 2. c4 d5 3. Nc3 f5 4. Bf4 c6 5. e3 Nf6 6. Nf3 Bd6 7. Ne5 O-O 8. Be2
dxc4 9. Bxc4 Nd5 10. h4 Nxf4 11. exf4 Qe7 12. g3 Nd7 13. O-O Nb6 14. Bb3 Nd5
15. Nxd5 exd5 16. Re1 Qc7 17. Rc1 Qb6 18. Re2 a5 19. a3 Qd8 20. Kg2 Rf6 21. Re3
Be6 22. Qd2 Bf7 23. Qe2 Be8 24. Re1 Rf8 25. Ba2 Qb6 26. Qd2 a4 27. Bb1 Qa5 28.
Qd3 Qb6 29. Qd2 1/2-1/2

[Event "DBMM 2015 (XV.)"]
[Site "München"]
[Date "2015.10.23"]
[Round "3.3"]
[White "Mueller, Jörg"]
[Black "Lutterbey, Ralf"]
[Result "1-0"]
[WhiteElo "2112"]
[BlackElo "1882"]
[PlyCount "91"]
[EventDate "2015.10.22"]
[EventType "swiss"]
[EventRounds "7"]
[EventCountry "GER"]
[WhiteTeam "SV Rapid Unilever Hamburg"]
[BlackTeam "Commerzbank Frankfurt 1"]

1. e4 d5 2. Nc3 d4 3. Nce2 c5 4. Ng3 Nc6 5. Nf3 e5 6. a3 Bd6 7. Bc4 h5 8. h3 h4
9. Nf1 Qe7 10. d3 Be6 11. Bg5 f6 12. Bxe6 Qxe6 13. Bxh4 g5 14. Bg3 Nge7 15.
N3h2 O-O-O 16. Qg4 f5 17. exf5 Nxf5 18. Nd2 Kb8 19. Ne4 Bc7 20. Nxc5 Qd5 21.
Ne4 Nxg3 22. Qxg3 Qa5+ 23. Ke2 Qb5 24. Rhb1 Rhf8 25. Kf1 Rf4 26. Kg1 Rg8 27. f3
Ne7 28. Qe1 Nd5 29. a4 Qc6 30. c4 Ne3 31. Qd2 Qd7 32. b4 g4 33. Nxg4 Nxg4 34.
fxg4 Qh7 35. Rf1 Qh4 36. Rxf4 exf4 37. Qf2 Qe7 38. c5 Qe5 39. Qf3 Qe6 40. Ra3
Qe7 41. a5 Qh4 42. Ra1 Qe7 43. a6 b6 44. Kh1 Rg6 45. Nf6 Bd8 46. Nd5 1-0

[Event "DBMM 2015 (XV.)"]
[Site "München"]
[Date "2015.10.23"]
[Round "3.4"]
[White "Brauer, Frank"]
[Black "Kazemi Sresht, Rahim"]
[Result "1/2-1/2"]
[WhiteElo "1861"]
[BlackElo "1524"]
[PlyCount "58"]
[EventDate "2015.10.22"]
[EventType "swiss"]
[EventRounds "7"]
[EventCountry "GER"]
[WhiteTeam "Commerzbank Frankfurt 1"]
[BlackTeam "SV Rapid Unilever Hamburg"]

1. e4 c5 2. c3 Nc6 3. d4 cxd4 4. cxd4 e6 5. Nc3 Bb4 6. Nf3 d5 7. exd5 exd5 8.
Be2 Nge7 9. O-O O-O 10. Bf4 Bd6 11. Qd2 Bxf4 12. Qxf4 Ng6 13. Qd2 h6 14. Rfe1
Re8 15. Rac1 a6 16. h3 b5 17. Nxb5 axb5 18. Bxb5 Nce7 19. Bxe8 Qxe8 20. Ne5
Nxe5 21. Rxe5 Be6 22. a3 Qa4 23. Qd3 Nc6 24. Re3 Nxd4 25. Rd1 Nf5 26. Re5 Ne7
27. Rc1 Rc8 28. Rxc8+ Nxc8 29. Qc3 Qd7 1/2-1/2

[Event "DBMM 2015 (XV.)"]
[Site "München"]
[Date "2015.10.23"]
[Round "3.1"]
[White "Daurer, Walter"]
[Black "Tokarev, Igor"]
[Result "0-1"]
[WhiteElo "2007"]
[BlackElo "1988"]
[PlyCount "56"]
[EventDate "2015.10.22"]
[EventType "team-swiss"]
[EventRounds "7"]
[EventCountry "GER"]
[WhiteTeam "Bayerische Landesbank 2"]
[BlackTeam "SV Osram Augsburg 2"]

1. e4 e5 2. Nc3 Nf6 3. f4 d5 4. fxe5 Nxe4 5. Nf3 Bc5 6. d4 Bb4 7. Bd2 c5 8. a3
Bxc3 9. bxc3 Bg4 10. Be2 Nc6 11. O-O O-O 12. dxc5 Qa5 13. Qe1 Qxc5+ 14. Kh1
Bxf3 15. gxf3 Nxd2 16. Qxd2 Nxe5 17. Rab1 Nc4 18. Bxc4 Qxc4 19. Rg1 b6 20. Rb4
Qc6 21. Rbg4 g6 22. Qh6 Qxc3 23. Rh4 Qg7 24. Qg5 Rac8 25. Rd1 Rxc2 26. Rhd4 Rc5
27. f4 Re8 28. f5 Qe5 0-1

[Event "DBMM 2015 (XV.)"]
[Site "München"]
[Date "2015.10.23"]
[Round "3.2"]
[White "Kolb, Wolfgang"]
[Black "Reichart, Peter"]
[Result "1-0"]
[WhiteElo "2058"]
[BlackElo "1941"]
[Annotator "Peter"]
[PlyCount "101"]
[EventDate "2015.10.22"]
[EventType "swiss"]
[EventRounds "7"]
[EventCountry "GER"]
[WhiteTeam "SV Osram Augsburg 2"]
[BlackTeam "Bayerische Landesbank 2"]

1. c4 d6 2. g3 f5 3. Bg2 Nf6 4. Nc3 e5 5. d3 Be7 6. e3 O-O $1 7. Nge2 c6 8. O-O
$1 Qe8 9. f4 Qh5 10. b4 Nbd7 11. b5 c5 12. Nd5 Nxd5 13. Bxd5+ Kh8 14. Nc3 Qxd1
15. Rxd1 Bf6 16. Bd2 Rb8 17. a4 b6 18. a5 Bb7 19. Bxb7 Rxb7 20. Nd5 Bd8 21.
axb6 axb6 22. Ra8 Nf6 23. Nxf6 gxf6 24. Rda1 Kg7 25. Kf2 Be7 26. Rxf8 Bxf8 27.
Kf3 Kg6 28. Ra8 Kf7 29. e4 fxe4+ 30. dxe4 h5 31. f5 Bg7 32. g4 hxg4+ 33. Kxg4
Bf8 34. h4 Kg7 35. Bh6+ Kxh6 36. Rxf8 Kg7 37. Rd8 d5 38. Rxd5 Ra7 39. Rd6 Ra4
40. Rxb6 Rxc4 41. Kh5 Rxe4 42. Rb7+ Kf8 43. Kg6 Rxh4 44. Kxf6 Rh6+ 45. Kxe5 c4
46. f6 Rh1 47. Kd4 Rh4+ 48. Kc3 Rf4 49. f7 Kg7 50. Rc7 Kf8 51. b6 {Rest nicht
rekonstruierbar} 1-0

[Event "DBMM 2015 (XV.)"]
[Site "München"]
[Date "2015.10.23"]
[Round "3.3"]
[White "Wolf, Martin"]
[Black "Zunic, Josef"]
[Result "1/2-1/2"]
[WhiteElo "1982"]
[BlackElo "1757"]
[PlyCount "40"]
[EventDate "2015.10.22"]
[EventType "team-swiss"]
[EventRounds "7"]
[EventCountry "GER"]
[WhiteTeam "Bayerische Landesbank 2"]
[BlackTeam "SV Osram Augsburg 2"]

1. d4 Nf6 2. c4 g6 3. Nc3 Bg7 4. e4 d6 5. f3 O-O 6. Bd3 Nc6 7. Nge2 e5 8. d5
Ne7 9. Be3 Nd7 10. g4 Nc5 11. Bc2 f5 12. gxf5 gxf5 13. Qd2 f4 14. Bxc5 dxc5 15.
O-O-O Ng6 16. Qe1 Qh4 17. Ng1 Qxe1 18. Rxe1 Nh4 19. a3 a6 20. Bd3 Rf6 1/2-1/2

[Event "DBMM 2015 (XV.)"]
[Site "München"]
[Date "2015.10.23"]
[Round "3.4"]
[White "Pilhöfer, Bernd"]
[Black "Meier, Wolfgang"]
[Result "0-1"]
[WhiteElo "1543"]
[BlackElo "1971"]
[PlyCount "80"]
[EventDate "2015.10.22"]
[EventType "swiss"]
[EventRounds "7"]
[EventCountry "GER"]
[WhiteTeam "SV Osram Augsburg 2"]
[BlackTeam "Bayerische Landesbank 2"]

1. e4 c6 2. f4 d5 3. e5 Bf5 4. d4 c5 5. c3 Nc6 6. Nf3 e6 7. Be3 c4 8. Nbd2 Qa5
9. Be2 Nh6 10. h3 Bg6 11. O-O Nf5 12. Bf2 h5 13. Nh4 Nxh4 14. Bxh4 Be7 15. Qe1
Bxh4 16. Qxh4 Nxd4 17. Bd1 Nf5 18. Qf2 h4 19. Re1 Rc8 20. Bc2 Qc5 21. Nf1 Qxf2+
22. Kxf2 Ne7 23. Rac1 Bxc2 24. Rxc2 Nc6 25. Ne3 g6 26. b3 b5 27. bxc4 bxc4 28.
Rb2 Kd7 29. Rb7+ Rc7 30. Reb1 Rf8 31. Ng4 Rxb7 32. Rxb7+ Kc8 33. Rb2 Nb8 34.
Kf3 Nd7 35. Nh6 f5 36. exf6 Nxf6 37. Ng4 Ne4 38. Ne5 g5 39. Nxc4 Rxf4+ 40. Ke3
dxc4 0-1

[Event "DBMM 2015 (XV.)"]
[Site "München"]
[Date "2015.10.23"]
[Round "3.1"]
[White "Eggenstein, Frank"]
[Black "Brendemühl, Bernd"]
[Result "1/2-1/2"]
[WhiteElo "2013"]
[BlackElo "1858"]
[PlyCount "76"]
[EventDate "2015.10.22"]
[EventRounds "7"]
[EventCountry "GER"]
[WhiteTeam "RWE Essen 1"]
[BlackTeam "Europäisches Patentamt Mü. 3"]

1. e4 c5 2. Nf3 d6 3. d4 cxd4 4. Nxd4 Nf6 5. Nc3 g6 6. Be3 Bg7 7. f3 O-O 8. Qd2
Nc6 9. g4 Nxd4 10. Bxd4 Be6 11. O-O-O Qa5 12. Kb1 Rfc8 13. a3 a6 14. h4 b5 15.
Nd5 Qxd2 16. Nxf6+ Bxf6 17. Rxd2 Bxd4 18. Rxd4 Rc5 19. g5 Rac8 20. c3 Kg7 21.
Bh3 Bxh3 22. Rxh3 h6 23. f4 Rh8 24. Rf3 hxg5 25. hxg5 Rh5 26. Kc2 Rh2+ 27. Rd2
Rxd2+ 28. Kxd2 d5 29. b4 Rc4 30. exd5 Kf8 31. f5 gxf5 32. Rxf5 Rg4 33. Re5 Ke8
34. Kc2 Kd7 35. Kb3 Rg3 36. Rf5 Kd6 37. Rxf7 Rxg5 38. a4 Rxd5 1/2-1/2

[Event "DBMM 2015 (XV.)"]
[Site "München"]
[Date "2015.10.23"]
[Round "3.2"]
[White "Bumes, Konrad"]
[Black "Broksch, Dirk"]
[Result "0-1"]
[WhiteElo "2022"]
[BlackElo "1917"]
[Annotator "Peter"]
[PlyCount "61"]
[EventDate "2015.10.22"]
[EventRounds "7"]
[EventCountry "GER"]
[WhiteTeam "Europäisches Patentamt Mü. 3"]
[BlackTeam "RWE Essen 1"]

1. d4 e6 2. c4 Nf6 3. Nc3 d5 4. Nf3 c5 5. e3 Nc6 6. Be2 a6 7. a4 dxc4 8. Bxc4
cxd4 9. exd4 Be7 10. O-O O-O 11. Be3 Nb4 12. Ne5 b6 13. Qe2 Bb7 14. Rfd1 Nfd5
15. Rac1 Qe8 16. Bb3 Bd6 17. Ne4 Bc7 18. f3 Rc8 19. Bf2 h6 20. Qd2 Qe7 21. Nd3
Bb8 22. Be1 Nxd3 23. Qxd3 Rxc1 24. Rxc1 Rd8 25. Bxd5 Rxd5 26. Nc3 Rh5 27. Bg3
Bxg3 28. hxg3 Qg5 29. Ne2 Qd8 30. Qc3 Rd5 31. Qc7 {Zeitüberschreitung} 0-1

[Event "DBMM 2015 (XV.)"]
[Site "München"]
[Date "2015.10.23"]
[Round "3.1"]
[White "Hein, Ralf"]
[Black "FM Koscielski, Janusz"]
[Result "0-1"]
[WhiteElo "2040"]
[BlackElo "2376"]
[PlyCount "82"]
[EventDate "2015.10.22"]
[EventRounds "7"]
[EventCountry "GER"]
[WhiteTeam "Baubehörde Hamburg 1"]
[BlackTeam "EKJ Herne und Wanne-Eickel 1"]

1. c4 c5 2. Nc3 Nc6 3. g3 g6 4. Bg2 Bg7 5. d3 e6 6. e4 Nge7 7. Nge2 O-O 8. O-O
d6 9. f4 Rb8 10. g4 f5 11. gxf5 exf5 12. Ng3 Nd4 13. Nd5 b5 14. Rb1 bxc4 15.
dxc4 Nxd5 16. exd5 Re8 17. b3 Bd7 18. Qd2 Qe7 19. Bb2 Ne2+ 20. Nxe2 Qxe2 21.
Rf2 Qxd2 22. Rxd2 a5 23. Bxg7 Kxg7 24. Kf2 Kf6 25. Bf3 a4 26. Rdb2 axb3 27.
Rxb3 Rxb3 28. Rxb3 Ra8 29. a3 h6 30. Be2 g5 31. Kf3 Be8 32. Kg3 Bd7 33. Kf3 Ra7
34. Kg3 Ra4 35. Rc3 Ra8 36. Rb3 Re8 37. Bf3 gxf4+ 38. Kf2 Ra8 39. Be2 Ke5 40.
Rh3 Ra6 41. Rxh6 Rxa3 0-1